Рынок ценных бумаг как источник инвестиций для предприятий железнодорожного транспорта (Запись № 1208420)

Подробности
000 -МАРКЕР
контрольное поле 02031nam0a2200313 4500
001 - ИДЕНТИФИКАТОР ЗАПИСИ
контрольное поле RU\NLR\bibl\1406678
005 - ИДЕНТИФИКАТОР ВЕРСИИ
контрольное поле 20250615210011.0
021 ## - НОМЕР ГОСУДАРСТВЕННОЙ РЕГИСТРАЦИИ
Код страны Российская Федерация
Номер 2009-51537
Номер Листа государственной регистраци 3164
035 ## - ДРУГИЕ СИСТЕМНЫЕ НОМЕРА
Идентификатор записи (NLR Aleph) 001398675
100 ## - ДАННЫЕ ОБЩЕЙ ОБРАБОТКИ
Данные общей обработки 20090902d2009 |||y0rusy50 ca
101 0# - ЯЗЫК РЕСУРСА
Язык текста, звукозаписи и т.д. русский
102 ## - СТРАНА ПУБЛИКАЦИИ ИЛИ ПРОИЗВОДСТВА
Страна публикации Российская Федерация
105 ## - ПОЛЕ КОДИРОВАННЫХ ДАННЫХ: ТЕКСТОВЫЕ МАТЕРИАЛЫ, МОНОГРАФИЧЕСКИЕ
Кодированные данные о монографическом текстовом документе y |||||||||
200 1# - ЗАГЛАВИЕ И СВЕДЕНИЯ ОБ ОТВЕТСТВЕННОСТИ
Основное заглавие Рынок ценных бумаг как источник инвестиций для предприятий железнодорожного транспорта
Сведения, относящиеся к заглавию учебное пособие для студентов вузов железнодорожного транспорта
-- [по специальностям "Экономика и управление на предприятии (железнодорожный транспорт)", "Коммерция", "Маркетинг"]
Первые сведения об ответственности Л.Ф. Кочнева, С.А. Межох
Последующие сведения об ответственности Моск. гос. ун-т путей сообщ. (МИИТ), Ин-т экономики и финансов, Каф. "Финансы и кредит"
210 ## - ПУБЛИКАЦИЯ, РАСПРОСТРАНЕНИЕ И ДР.
Место издания, распространения и т.д. Москва
Имя издателя, распространителя и т. д. Московский государственный университет путей сообщения
Дата издания, распространения и т.д. 2009
215 ## - ФИЗИЧЕСКАЯ ХАРАКТЕРИСТИКА
Специфическое обозначение материала и объем 120 с.
Размеры 21
606 1# - НАИМЕНОВАНИЕ ТЕМЫ КАК ПРЕДМЕТ
Наименование темы Железнодорожный транспорт
Формальный подзаголовок Учебные издания для высших учебных заведений
Тематический подзаголовок Инвестиции капитала
Географический подзаголовок Российская Федерация
Системный номер авторитетной/нормативной записи 2398291
Идентификатор авторитетной/нормативной записи RU\NLR\auth\661429782
606 1# - НАИМЕНОВАНИЕ ТЕМЫ КАК ПРЕДМЕТ
Наименование темы Ценные бумаги
Формальный подзаголовок Учебные издания для высших учебных заведений
Тематический подзаголовок Рынки
Географический подзаголовок Российская Федерация
Системный номер авторитетной/нормативной записи 2121921
Идентификатор авторитетной/нормативной записи RU\NLR\auth\661281220
686 ## - ИНДЕКСЫ ДРУГИХ КЛАССИФИКАЦИЙ
Индекс У37(2)2-56я73
686 ## - ИНДЕКСЫ ДРУГИХ КЛАССИФИКАЦИЙ
Индекс У26(2)229.5я73
700 #1 - ИМЯ ЛИЦА - ПЕРВИЧНАЯ ОТВЕТСТВЕННОСТЬ
Начальный элемент ввода Кочнева
Часть имени, кроме начального элемента ввода Л. Ф.
Код отношения Автор
701 #1 - ИМЯ ЛИЦА - АЛЬТЕРНАТИВНАЯ ОТВЕТСТВЕННОСТЬ
Начальный элемент ввода Межох
Часть имени, кроме начального элемента ввода С. А.
Расширение инициалов личного имени Сергей Андреевич
Код отношения Автор
801 #0 - ИСТОЧНИК ЗАПИСИ
Страна Российская Федерация
Организация NLR
Дата составления 20090902
Правила каталогизации RCR
801 #1 - ИСТОЧНИК ЗАПИСИ
Страна Российская Федерация
Организация NLR
Дата составления 20090902
830 ## - ОБЩЕЕ ПРИМЕЧАНИЕ, СОСТАВЛЕННОЕ КАТАЛОГИЗАТОРОМ
Текст примечания 2-й авт. по базе
942 ## - ДОПОЛНИТЕЛЬНЫЕ ЭЛЕМЕНТЫ ЗАПИСИ (АБИС)
Тип экземпляра АБИС Книга
980 ## - КОЛЛЕКЦИЯ
Название коллекции Национальная библиография
Экземпляры
Тип экземпляра Дата поступления Источник поступления Библиотека постоянного хранения Библиотека текущего хранения Место хранения Шифр хранения Штрих-код Статус экземпляра
Книга 02.09.2009 Обязательный экземпляр РНБ (Московский) РНБ (Московский) Русский книжный фонд: издания с 1957 года 2009-3/27178 2984269